000 00433nam a2200169 a 4500
001 0000-8832
003 ELIB.Books
008 110520 1994
035 _a(ELIB.Books)0000-8978
082 _a232
_bHar
100 _aHarris, Murray J.
245 _aThree Crucial Questions about Jesus
260 _bCarlisle: OM Publishing
_c1994
650 _aJesus Christ
942 _2ddc
_cBK
998 _cbat
_e2011-05-20
999 _c8832
_d8832